<?xml version="1.0" encoding="UTF-8"?>
<record
    xmlns:xsi="http://www.w3.org/2001/XMLSchema-instance"
    xsi:schemaLocation="http://www.loc.gov/MARC21/slim http://www.loc.gov/standards/marcxml/schema/MARC21slim.xsd"
    xmlns="http://www.loc.gov/MARC21/slim">

  <leader>02730nam a2200337 a 4500</leader>
  <controlfield tag="001">BRCA_2522</controlfield>
  <controlfield tag="005">20190320203841.0</controlfield>
  <controlfield tag="008">251108s1862----sp-a---###---#000-0dspa-u</controlfield>
  <datafield tag="041" ind1=" " ind2=" ">
    <subfield code="a">spa</subfield>
  </datafield>
  <datafield tag="044" ind1=" " ind2=" ">
    <subfield code="a">sp</subfield>
  </datafield>
  <datafield tag="084" ind1=" " ind2=" ">
    <subfield code="a">151</subfield>
    <subfield code="b">.N33</subfield>
    <subfield code="c">1862</subfield>
  </datafield>
  <datafield tag="100" ind1="1" ind2=" ">
    <subfield code="a">Cervantes Saavedra, Miguel de</subfield>
    <subfield code="d">1547-1616</subfield>
    <subfield code="9">213</subfield>
  </datafield>
  <datafield tag="245" ind1="1" ind2="0">
    <subfield code="a">El Ingenioso Hidalgo Don Quijote de la Mancha</subfield>
    <subfield code="c">compuesto por Miguel de Cervantes Saavedra.</subfield>
  </datafield>
  <datafield tag="260" ind1=" " ind2=" ">
    <subfield code="a">Madrid</subfield>
    <subfield code="b">Imprenta Nacional : Jos&#xE9; Gil Dorregaray</subfield>
    <subfield code="c">1862</subfield>
  </datafield>
  <datafield tag="300" ind1=" " ind2=" ">
    <subfield code="a">3 v.</subfield>
    <subfield code="b">il.</subfield>
    <subfield code="c">37 cm.</subfield>
  </datafield>
  <datafield tag="500" ind1=" " ind2=" ">
    <subfield code="a">Contenido : v 1. Primera parte. Pre&#xE1;mbulo de Jer&#xF3;nimo M. y Gil Dorregaray. Pr&#xF3;logo del autor. Versos preliminares. Texto. -- v 2. Segunda parte. Dedicatoria del autor. Pr&#xF3;logo del autor. Texto. -- v 3. El juicio cr&#xED;tico del Quijote por V. de los R&#xED;os. Laq vida de Cervantes recopilada por Jer&#xF3;nimo M. con nuevos documentos. Cat&#xE1;logo de las ediciones notables de la novela</subfield>
  </datafield>
  <datafield tag="500" ind1=" " ind2=" ">
    <subfield code="a">Edici&#xF3;n : Nueva edici&#xF3;n adornada con l&#xE1;minas en cobre, cuyas planchas son propiedad de la Real Academia Espa&#xF1;ola</subfield>
  </datafield>
  <datafield tag="500" ind1=" " ind2=" ">
    <subfield code="a">Lujosa edici&#xF3;n monumental, esmeradamente impresa, con tipos bellos y de buen cuerpo, sobre magn&#xED;fico papel avitelado, y adornada con l&#xE1;minas de las mismas planchas que sirvieron para las de la primera edici&#xF3;n de la Academia, impresa en 1780. Adem&#xE1;s del juicio cr&#xED;tico del Quijote, de V. de los R&#xED;os, erudito trabajo de Jer&#xF3;nimo Dur&#xE1;n acerca de la vida de Cervantes, contiene un cat&#xE1;logo de las ediciones m&#xE1;s notables del Quijote. El bi&#xF3;grafo J. Dur&#xE1;n tiene el m&#xE9;rito de haber publicado, por vez primera, la Real provisi&#xF3;n de 1569, mediante la cual se condenaba a Cervantes a que le fuese cortada la mano derecha y que fuese desterrado de espa&#xF1;a durante diez a&#xF1;os, por haber herido en defensa de doncella, al andante en Corte, don Antonio Segura, dentro de recinto regio. Para que el lector pueda darse cuenta de la gran belleza tipogr&#xE1;fica de esta edici&#xF3;n, baste decir que en 1210 p&#xE1;ginas que contienen los tres vol&#xFA;menes, no se encuentra un solo gui&#xF3;n de divisi&#xF3;n de palabras al final de sus lineas L&#xFA;dovik Osterc</subfield>
  </datafield>
  <datafield tag="500" ind1=" " ind2=" ">
    <subfield code="a">QM136</subfield>
  </datafield>
  <datafield tag="650" ind1="1" ind2="4">
    <subfield code="a">Novela espa&#xF1;ola</subfield>
    <subfield code="y">&#xC9;poca cl&#xE1;sica, 1500-1700</subfield>
    <subfield code="9">215</subfield>
  </datafield>
  <datafield tag="650" ind1="1" ind2="4">
    <subfield code="a">Literatura espa&#xF1;ola</subfield>
    <subfield code="y">&#xC9;poca cl&#xE1;sica, 1500-1700</subfield>
    <subfield code="9">216</subfield>
  </datafield>
  <datafield tag="650" ind1="1" ind2="4">
    <subfield code="a">Novela espa&#xF1;ola</subfield>
    <subfield code="y">Siglo XVII</subfield>
    <subfield code="9">217</subfield>
  </datafield>
  <datafield tag="650" ind1="1" ind2="4">
    <subfield code="a">Don Quijote (Personaje ficticio)</subfield>
    <subfield code="e">Novela</subfield>
    <subfield code="9">218</subfield>
  </datafield>
  <datafield tag="700" ind1="1" ind2=" ">
    <subfield code="a">R&#xED;os, Vicente de los</subfield>
    <subfield code="d">1732-1779</subfield>
    <subfield code="e">Bi&#xF3;grafo</subfield>
    <subfield code="9">7247</subfield>
  </datafield>
  <datafield tag="700" ind1="1" ind2=" ">
    <subfield code="a">Carnicero Mancio, Antonio</subfield>
    <subfield code="d">1748-1814</subfield>
    <subfield code="e">Ilustrador</subfield>
    <subfield code="9">7248</subfield>
  </datafield>
  <datafield tag="700" ind1="1" ind2=" ">
    <subfield code="a">Castillo, Jos&#xE9; del</subfield>
    <subfield code="d">1737-1793</subfield>
    <subfield code="e">Ilustrador</subfield>
    <subfield code="9">7249</subfield>
  </datafield>
  <datafield tag="700" ind1="1" ind2=" ">
    <subfield code="a">Jimeno, Jos&#xE9; Antonio</subfield>
    <subfield code="d">1757-1807</subfield>
    <subfield code="e">Ilustrador</subfield>
    <subfield code="9">7250</subfield>
  </datafield>
  <datafield tag="740" ind1="0" ind2=" ">
    <subfield code="a">El Ingenioso Hidalgo Don Quijote de la Mancha</subfield>
  </datafield>
  <datafield tag="902" ind1=" " ind2=" ">
    <subfield code="a">QFM</subfield>
  </datafield>
  <datafield tag="942" ind1=" " ind2=" ">
    <subfield code="2">lcc</subfield>
    <subfield code="c">B</subfield>
  </datafield>
  <datafield tag="999" ind1=" " ind2=" ">
    <subfield code="c">2263</subfield>
    <subfield code="d">2263</subfield>
  </datafield>
  <datafield tag="952" ind1=" " ind2=" ">
    <subfield code="0">0</subfield>
    <subfield code="1">0</subfield>
    <subfield code="4">0</subfield>
    <subfield code="7">0</subfield>
    <subfield code="a">BRCA</subfield>
    <subfield code="b">BRCA</subfield>
    <subfield code="d">2008-11-25</subfield>
    <subfield code="i">QM136</subfield>
    <subfield code="l">0</subfield>
    <subfield code="o">151 .N33 1862 (QM136)</subfield>
    <subfield code="p">2519</subfield>
    <subfield code="r">2019-03-22 00:00:00</subfield>
    <subfield code="w">2019-03-22</subfield>
    <subfield code="y">B</subfield>
  </datafield>
</record>
